000 02476nam a22003017a 4500
999 _c58608
_d58608
003 Ge_BSU
005 20220614114542.0
008 220613s2019 ge ||||| |||| 00| 0 geo d
020 _a9789941818035
041 _ageo
080 _a1(438) +316.422 +141.78 ბ-31
100 _aბაუმანი, ზიგმუნტ
_914061
245 _aთხევადი მოდერნულობა /
_cზიგმუნტ ბაუმანი ; მთარგმნელთა ჯგუფი: ნათია ქარჩილაძე, თემო ბეჟანიძე, თამარა მეჭურჭლიშვილი, ნინო ზარანდია ; სამეცნიერო რედაქტორი ლაშა ქავთარაძე ; წინასიტყვაობის ავტორი რევაზ ქოიავა ; ყდის დიზაინი სალომე ლაცაბიძე ; ფრიდრიხ ებერტის ფონდი.
264 _aთბილისი:
_c2019.
_bინტელექტი,
300 _a344 გვ. ;
_b21 სმ.
490 _aკრიტიკული თარგმანების სერია / პროექტის ავტორები: თემო ბეჟანიძე, ნათია ქარჩილაძე ;
_v3
500 _aპუბლიკაცია მომზადდა ფრიდრიხ ებერტის ფონდის ფინანსური მხარდაჭერით.
653 _aპოლონური ფილოსოფია
653 _aპოსტმოდერნიზმი.
700 _aქარჩილაძე, ნათია
_e მთარგმნელი
_914062
700 _aბეჟანიძე, თემო
_eმთარგმნელი
_914063
700 _aმეჭურჭლიშვილი, თამარა
_eმთარგმნელი
_914064
700 _aზარანდია, ნინო
_eმთარგმნელი
_914065
700 _aქავთარაძე, ლაშა
_eსამეცნ. რედაქტორი
_914066
700 _aქოიავა, რევაზ
_eწინასიტყვაობის ავტორი
_914067
700 _aლაცაბიძე, სალომე
_eყდის დიზაინერი
_914068
942 _2udc
_cBK